Star Wars Planets in Resistance - Statistics

General Stats
  • This quiz has been taken 12 times
  • The average score is 7 of 10
Answer Stats
Hint Answer % Correct
The New World Aeos Prime
100%
No Place Safe Aeos Prime
100%
Season 1 Castilon
100%
Live Fire Celsor 3
100%
Hunt on Celsor 3 Celsor 3
100%
A Quick Salvage Run D'Qar
67%
The Relic Raiders Ashas Ree
33%
From Beneath Drahgor III
33%
The Missing Agent Varkana
33%
Breakout Varkana
33%
No matching quizzes found
Score Distribution
Percent of People with Each Score
Percentile by Number Answered
Your Score History
You have not taken this quiz